Römische Kaiser - Sudden Death - Statistiken

Allgemein
  • Dieses Quiz wurde 131 mal gespielt
  • Das Durchschnittsergebnis liegt bei 7 aus 18
Answers on the Grid
Answers color-coded by a green-red scale on the quiz's grid according to % correct below.
Novius
Caligula
Manius
Claudius
Tiberius
Proculus
Galba
Otho
Statius
Cicero
Augustus
Vibius
Vitellius
Vespasian
Decius
Titus
Appius
Marcus Aurelius
Nerva
Agrippa
Trajan
Sextus
Hadrian
Voluscus
Carus
Florianus
Sertor
Tacitus
Spurius
Valerian
 
Antwortstatistiken
Antwort % Korrekt
Augustus
83%
Caligula
78%
Tiberius
75%
Claudius
71%
Titus
62%
Marcus Aurelius
56%
Vespasian
52%
Hadrian
51%
Trajan
49%
Valerian
30%
Galba
27%
Nerva
24%
Otho
22%
Tacitus
16%
Vitellius
14%
Carus
11%
Decius
10%
Florianus
8%
Keine übereinstimmenden Quizze gefunden
Verteilung der Resultate
Anzahl Personen mit jedem Resultat
Perzentil nach korrekt beantworteten Fragen
Ihre Resultats-Entwicklung
Sie haben dieses Quiz noch nicht gespielt